000
00238nam a2200097Ia 4500
001
793582
005
20250826170651.0
008
250824s9999 xx 000 0 und d
245
0
_a
MART MENEKŞELERİ
_c
SARAH JIO
260
_b
ARKADYA YAYINLARI
999
_c
793582
_d
793582